000
00306 a2200145 4500
001
58759
020
_a
8576663414
040
_c
Anchieta - Pituba
100
_a
Marino, Denise Mattos
240
1
0
_a
História
_l
por
245
1
0
_a
História
300
_a
152/56
650
4
_a
História do mundo
942
_c
BK
999
_c
58759
_d
58759